00841nam a22001575i 4500001000700000003000900007005001700016008004100033040002000074100004100094245013200135260006900267300002100336500014500357852018100502161815ES-MaACL20250726063042.0041022s1865 sp |||| | spa d aCAM bspa cCAM1 aPérez Escrich, Enrique,d1829-189713aEl corazón en la mano b: drama en cinco actos escrito sobre la novela del mismo título / csu autor Enrique Perez Escrich. aMadrid : b[s.n.], c1865 (fImprenta de F. Martínez García) a98 p. ; c18 cm. aEn port.: Representado por primera vez bajo la dirección del primer actor D. Julián Romea, en el teatro de Variedades, en Enero de 1865. aES-MaACLjF-8598(5) z-- Enc. pasta española q-- Falto de la cub. originalz-- Enc. en un vol. facticio ormando parte de la col. facticia "Teatro español moderno", vol. 51